000
00350 a2200169 4500
001
175452
020
_a
85-322-4978-7
040
_c
Magnum
100
_a
Cheida, Luiz Eduardo
240
1
0
_a
Biologia integrada 3
_l
por
245
1
0
_a
Biologia integrada 3
300
_a
351
362
0
_a
2002
440
1
_a
FTD
697
_a
BIOLOGIA
942
_c
BK
999
_c
175452
_d
175452